| 000 | 00560nam a22002057a 4500 | ||
|---|---|---|---|
| 999 |
_c6312 _d6312 |
||
| 003 | OSt | ||
| 005 | 20190912124356.0 | ||
| 008 | 190912b ||||| |||| 00| 0 eng d | ||
| 020 | _a9780195117806 | ||
| 040 | _cDDC | ||
| 082 | _a541.3 SPO 2004 | ||
| 100 |
_aSposito, Garrison _912932 |
||
| 245 | _aThe Surface Chemistry of Natural Particles | ||
| 260 |
_aOxford University Press _c2004 |
||
| 300 |
_ax,242p; _bill: _c24cm |
||
| 504 | _aNotes, & index included | ||
| 650 |
_aSurface chemistry _912933 |
||
| 650 |
_aNatural particles _912934 |
||
| 942 |
_2z _cBOOK |
||